[Event "33rd Leon Blitz Open 2020"]
[Site "chess.com INT"]
[Date "2020.07.14"]
[Round "9"]
[White "Piesik, Piotr"]
[Black "Parnali, S Dharia"]
[Result "1-0"]
[WhiteTitle "IM"]
[BlackTitle "WIM"]
[WhiteElo "2418"]
[BlackElo "2243"]
[WhiteFideId "1136194"]
[BlackFideId "5043131"]
[EventDate "2020.07.14"]
[EventType "blitz"]

1. Nf3 d5 2. g3 c5 3. Bg2 Nc6 4. O-O e5 5. d3 Nf6 6. Nbd2 Be7 7. e4 O-O 8. c3
Be6 9. Ng5 Bg4 10. Bf3 dxe4 11. dxe4 Bc8 12. Be2 h6 13. Ngf3 Bh3 14. Re1 Qc8 15.
Qc2 Rd8 16. Nc4 Qc7 17. a4 b6 18. Nh4 a6 19. Ne3 g6 20. Nhg2 Be6 21. f4 Na5 22.
Bf3 Bb3 23. Qf2 Nc6 24. f5 Kg7 25. h4 b5 26. g4 c4 27. g5 hxg5 28. hxg5 Ne8 29.
f6+ Bxf6 30. gxf6+ Nxf6 31. Nd5 Qd6 32. Bg5 Nxd5 33. Bxd8 Rxd8 34. exd5 Ne7 35.
axb5 axb5 36. Ne3 f5 37. Ra7 e4 38. Qh4 Rd7 39. Rxd7 Qxd7 40. Bg2 Ng8 41. Ra1
Nf6 42. Ra6 Qe7 43. Re6 Qf7 44. Ra6 Nh7 45. Qd8 g5 46. Qd6 f4 47. Qh6+ Kg8 48.
Ra8+ Nf8 49. Qxg5+ Kh8 50. Nf5 f3 51. Qh4+ Kg8 52. Nh6+ 1-0

[Event "33rd Leon Blitz Open 2020"]
[Site "chess.com INT"]
[Date "2020.07.14"]
[Round "9"]
[White "Nguyen, Thi Thanh An"]
[Black "Villalba, Marcelo"]
[Result "0-1"]
[WhiteTitle "WGM"]
[BlackTitle "IM"]
[WhiteElo "2285"]
[BlackElo "2258"]
[WhiteFideId "12400300"]
[BlackFideId "3701859"]
[EventDate "2020.07.14"]
[EventType "blitz"]

1. d4 Nf6 2. c4 g6 3. Nc3 Bg7 4. e4 O-O 5. Be2 d6 6. Bg5 c5 7. d5 e5 8. Qd2 a6
9. h4 Qc7 10. h5 Ne8 11. Bh6 f5 12. hxg6 hxg6 13. exf5 Bxf5 14. g4 Bc8 15. f3
Qf7 16. Bd3 b5 17. Qg5 Qf6 18. cxb5 axb5 19. Qxf6 Rxf6 20. Nxb5 Ba6 21. Bg5 Rf7
22. Kd2 Rb7 23. Nc3 Rxb2+ 24. Kc1 Rb7 25. Bxg6 e4 26. Bxe8 Bxc3 27. Rb1 Rxb1+
28. Kxb1 Bd3+ 29. Kc1 Rxa2 30. Kd1 exf3 31. Nxf3 Rf2 32. Ne1 Be4 33. Bb5 c4 34.
Bxc4 Nd7 35. Rh5 Ne5 36. Be2 Bd4 37. Bd2 Rf7 38. Rg5+ Kf8 39. Rh5 Ra7 40. Rh8+
Kg7 41. Rb8 Ra1+ 42. Bc1 Be3 43. Rc8 Kf6 44. Rc7 Kg5 45. Rg7+ Kf4 46. Rc7 Kg3
47. g5 Kf2 48. g6 Bxg6 49. Nc2 Rxc1# 0-1

[Event "33rd Leon Blitz Open 2020"]
[Site "chess.com INT"]
[Date "2020.07.14"]
[Round "9"]
[White "Tronenkovs, Valdis"]
[Black "Hoang, Thi Bao Tram"]
[Result "1-0"]
[WhiteTitle "FM"]
[BlackTitle "WGM"]
[WhiteElo "2265"]
[BlackElo "2288"]
[WhiteFideId "11601558"]
[BlackFideId "12401102"]
[EventDate "2020.07.14"]
[EventType "blitz"]

1. e4 c6 2. Nc3 d5 3. Nf3 Bg4 4. d4 Nf6 5. Bd3 dxe4 6. Nxe4 Nbd7 7. h3 Bh5 8.
Ng3 Bg6 9. Bxg6 hxg6 10. O-O e6 11. Bf4 Nd5 12. Bd2 N7f6 13. c4 Ne7 14. Re1 Nf5
15. Nxf5 gxf5 16. Qb3 Qc7 17. d5 Ne4 18. dxe6 fxe6 19. Be3 Be7 20. Nd2 O-O 21.
Nxe4 fxe4 22. c5 Qe5 23. Rad1 Bxc5 24. Bxc5 Qxc5 25. Qxe6+ Kh8 26. Re2 Rae8 27.
Qg4 e3 28. f3 Rf7 29. Rde1 Rfe7 30. b3 Kg8 31. Qg6 Qd4 32. Qc2 Re5 33. Rd1 Qf4
34. Qc3 Rg5 35. Kh1 Rh5 36. Rde1 Rhe5 37. Qd3 R8e7 38. Rc2 R7e6 39. Rce2 Rh6 40.
Kg1 Rhe6 41. Kh1 Qg5 42. Qd4 Rd5 43. Qg4 Qxg4 44. hxg4 Rde5 45. Kh2 Kf7 46. Kg3
g5 47. Rd1 Re7 48. Rd3 b5 49. f4 gxf4+ 50. Kxf4 Re4+ 51. Kf3 Kf6 52. Rdxe3 Rxe3+
53. Rxe3 Rxe3+ 54. Kxe3 Kg5 55. Kd4 Kxg4 56. Kc5 1-0

[Event "33rd Leon Blitz Open 2020"]
[Site "chess.com INT"]
[Date "2020.07.14"]
[Round "9"]
[White "Hoffmann, Asa"]
[Black "Shvedova, Alexandra"]
[Result "1-0"]
[WhiteTitle "FM"]
[BlackTitle "WFM"]
[WhiteElo "2185"]
[BlackElo "1994"]
[WhiteFideId "2001470"]
[BlackFideId "54154782"]
[EventDate "2020.07.14"]
[EventType "blitz"]

1. d4 d5 2. Bg5 Nf6 3. Nd2 c5 4. e3 Nc6 5. c3 e6 6. f4 Be7 7. Bd3 c4 8. Bc2 b5
9. Ngf3 b4 10. O-O Nd7 11. Bxe7 Qxe7 12. Ne5 Ncxe5 13. fxe5 a5 14. Qg4 f5 15.
exf6 Nxf6 16. Qh4 Bb7 17. Ba4+ Kd8 18. Nf3 Ne4 19. Qh3 Kc7 20. Ne5 Raf8 21. Bc2
Nd2 22. Rxf8 Rxf8 23. Qg3 Kc8 24. Rd1 Qf6 25. h3 Ne4 26. Bxe4 dxe4 27. Nxc4 Bd5
28. Nxa5 bxc3 29. Rc1 Kd7 30. Rxc3 Qd8 31. Qxg7+ Ke8 32. Nc6 Bxc6 33. Rxc6 Qd7
34. Qxd7+ Kxd7 35. Ra6 Rb8 36. b3 Rc8 37. Kf2 Rc2+ 38. Kg3 Re2 39. Kf4 Rxg2 40.
Kxe4 Rh2 41. Ra7+ Kd6 42. Rxh7 Rxa2 43. h4 Rb2 44. h5 Rxb3 45. h6 Rb1 46. Ra7
Rh1 47. h7 Rh4+ 48. Kf3 Kd5 49. Rd7+ Kc6 50. Rg7 Kd5 51. Kg3 Rh1 52. Kf4 Rf1+
53. Kg5 Rg1+ 54. Kf6 Rf1+ 55. Ke7 Rh1 56. Kf8 Ke4 57. Kg8 Kxe3 58. h8=Q Rxh8+
59. Kxh8 Kxd4 60. Re7 e5 61. Kg7 e4 62. Kf6 e3 63. Kf5 Kd3 64. Kf4 e2 65. Kf3
e1=Q 66. Rxe1 1-0

[Event "33rd Leon Blitz Open 2020"]
[Site "chess.com INT"]
[Date "2020.07.14"]
[Round "9"]
[White "Niemann, Hans Moke"]
[Black "Mohammad, Nubairshah Shaikh"]
[Result "0-1"]
[WhiteTitle "IM"]
[BlackTitle "IM"]
[WhiteElo "2465"]
[BlackElo "2445"]
[WhiteFideId "2093596"]
[BlackFideId "5053196"]
[EventDate "2020.07.14"]
[EventType "blitz"]

1. d4 d5 2. Nc3 Nf6 3. Bf4 g6 4. e3 Bg7 5. Nb5 Na6 6. Nf3 O-O 7. h3 c5 8. c3 Ne4
9. Be2 Bd7 10. a4 Qb6 11. Nd2 Nxd2 12. Qxd2 Bxb5 13. axb5 Nc7 14. dxc5 Qxc5 15.
Bxc7 Qxc7 16. O-O e6 17. Ra4 Rfd8 18. Rfa1 Qc5 19. h4 h5 20. g4 hxg4 21. Rxg4
Kf8 22. Kg2 Bf6 23. Rh1 Ke7 24. h5 gxh5 25. Rxh5 Rh8 26. Rxh8 Rxh8 27. Qd3 Qc7
28. Bf3 Qa5 29. e4 Qa1 30. Qf1 Qxb2 31. exd5 Qxc3 32. dxe6 fxe6 33. Re4 Rg8+ 34.
Bg4 Qc2 35. Qe1 Kf7 36. Qe3 Rg5 37. Rf4 e5 38. Re4 Be7 39. Qf3+ Kg7 40. Kh3 Qb1
41. Kh2 Qxb5 42. Be6 Bf6 43. Rc4 Qb6 44. Bd5 e4 45. Bxe4 Qd6+ 46. Kh3 Qd7+ 47.
Kh2 Qd6+ 48. Kh1 b5 49. Rc8 b4 50. Ra8 Be7 51. Rxa7 Qh6+ 0-1

[Event "33rd Leon Blitz Open 2020"]
[Site "chess.com INT"]
[Date "2020.07.14"]
[Round "9"]
[White "Gimenez Aguirre, Alejo Ismael"]
[Black "Henderson de La Fuente, Lance"]
[Result "0-1"]
[WhiteTitle "IM"]
[BlackTitle "GM"]
[WhiteElo "2265"]
[BlackElo "2491"]
[WhiteFideId "32041667"]
[BlackFideId "32096585"]
[EventDate "2020.07.14"]
[EventType "blitz"]

1. e4 e6 2. d4 d5 3. Nd2 Be7 4. Ngf3 Nf6 5. Bd3 c5 6. exd5 exd5 7. c3 Nc6 8. O-O
cxd4 9. Nxd4 Nxd4 10. cxd4 O-O 11. h3 Be6 12. Nf3 h6 13. Qb3 Rb8 14. Bf4 Bd6 15.
Be5 Bxe5 16. Nxe5 Nd7 17. Nf3 Qb6 18. Bb5 Nf6 19. a4 a6 20. Bc4 Qxb3 21. Bxb3 a5
22. Rfc1 b5 23. Bd1 bxa4 24. Rxa4 Rxb2 25. Rxa5 Ne4 26. Bc2 Rc8 27. Ne1 Nc3 28.
Kf1 Na2 29. Ra1 Nb4 30. Bd1 Rc4 31. Nf3 Nc2 32. Ra8+ Kh7 33. R1a2 Rxa2 34. Rxa2
Nxd4 35. Nxd4 Rxd4 36. Bc2+ g6 37. Ke2 Kg7 38. Ra7 Rb4 39. Bd3 Rb2+ 40. Ke3 Rb3
41. Ke2 Kf6 42. h4 h5 43. f3 Rb2+ 44. Kf1 Ke5 45. Ra4 Rd2 46. Be2 d4 47. Ke1 Rb2
48. Ra5+ Kf4 49. Ra4 Ke3 50. Ra3+ Rb3 51. Ra4 Rb1+ 52. Bd1 Rxd1+ 53. Kxd1 Bb3+
54. Ke1 Bxa4 55. g4 d3 56. gxh5 d2+ 57. Kf1 d1=Q+ 58. Kg2 Qxf3+ 59. Kh2 Kf2 60.
h6 Qg2# 0-1

[Event "33rd Leon Blitz Open 2020"]
[Site "chess.com INT"]
[Date "2020.07.14"]
[Round "9"]
[White "Amin, Bassem"]
[Black "Hovhannisyan, Robert"]
[Result "1/2-1/2"]
[WhiteTitle "GM"]
[BlackTitle "GM"]
[WhiteElo "2686"]
[BlackElo "2642"]
[WhiteFideId "10601457"]
[BlackFideId "13302507"]
[EventDate "2020.07.14"]
[EventType "blitz"]

1. Nf3 d5 2. g3 Bg4 3. Bg2 e6 4. O-O Nf6 5. d3 Be7 6. e4 dxe4 7. dxe4 Qxd1 8.
Rxd1 Nc6 9. h3 Bxf3 10. Bxf3 e5 11. Be3 O-O 12. c3 Rfd8 13. Nd2 Nd7 14. b4 a5
15. a3 axb4 16. axb4 Nb6 17. Be2 Kf8 18. Bxb6 cxb6 19. Nc4 Rxd1+ 20. Rxd1 b5 21.
Nb6 Ra3 22. Nd5 Bd8 23. Bxb5 Ne7 24. Nf6 gxf6 25. Rxd8+ Kg7 26. Rd7 Ng6 27. Bc4
Nh8 28. Rxb7 Rxc3 29. Bd5 h5 30. Kg2 h4 31. b5 hxg3 32. fxg3 Rc2+ 33. Kf3 Rb2
34. h4 f5 35. exf5 Rb4 36. g4 Rf4+ 37. Kg3 Rd4 38. Rd7 Rd3+ 39. Kf2 Rd4 40. Kf3
Rf4+ 41. Kg3 Rb4 42. g5 Rxb5 43. f6+ Kg6 44. Be4+ Kh5 45. Bf3+ Kg6 46. Rd8 Rb3
47. Kf2 Kh7 48. Be4+ Ng6 49. h5 Rb2+ 50. Ke3 Re2+ 51. Kf3 Re3+ 52. Kxe3 1/2-1/2

[Event "33rd Leon Blitz Open 2020"]
[Site "chess.com INT"]
[Date "2020.07.14"]
[Round "9"]
[White "Bommini, Mounika Akshaya"]
[Black "Yang, Kevin"]
[Result "1-0"]
[WhiteTitle "WFM"]
[WhiteElo "2029"]
[BlackElo "2275"]
[WhiteFideId "25019872"]
[BlackFideId "30908485"]
[EventDate "2020.07.14"]
[EventType "blitz"]

1. d4 Nf6 2. c4 e6 3. Nc3 Bb4 4. f3 d5 5. cxd5 exd5 6. e3 O-O 7. a3 Ba5 8. Bd3
Re8 9. Ne2 c5 10. O-O cxd4 11. Nxd4 Nc6 12. Nf5 Bb6 13. Re1 d4 14. Na4 Bxf5 15.
Bxf5 dxe3 16. Qxd8 Raxd8 17. Nxb6 axb6 18. Bxe3 Nd5 19. Bf2 b5 20. b4 g6 21. Bc2
Nf4 22. Be3 Ne6 23. Rad1 Ra8 24. Bc1 Ned4 25. Be4 f5 26. Bd5+ Kg7 27. Rxe8 Rxe8
28. Bb2 Kh6 29. Bxd4 Nxd4 30. Rxd4 Re3 31. Bxb7 Rxa3 32. Rd5 Rb3 33. Rxb5 Rb2
34. Bd5 Kg5 35. Bc4 Kf4 36. Rb8 g5 37. b5 h5 38. b6 h4 39. b7 h3 40. Bf1 hxg2
41. Bxg2 Rb1+ 42. Bf1 Rb2 43. Bc4 Kxf3 44. Bd5+ Kf4 45. Re8 Rb1+ 46. Kf2 Rb2+
47. Re2 Rb6 48. Re8 Rb2+ 49. Ke1 Rb1+ 50. Kd2 Rb5 51. b8=Q+ Rxb8 52. Rxb8 Kg4
53. Ke2 Kh3 54. Rh8+ Kg4 55. Kf2 Kf4 56. h4 gxh4 57. Rxh4+ Kg5 58. Rc4 f4 59.
Kf3 Kh5 60. Rxf4 Kg5 61. Kg3 Kh5 62. Rg4 Kh6 63. Kf4 Kh5 64. Kf5 Kh6 65. Rg5 Kh7
66. Rg6 Kh8 67. Kf6 Kh7 68. Bc4 1-0

[Event "33rd Leon Blitz Open 2020"]
[Site "chess.com INT"]
[Date "2020.07.14"]
[Round "9"]
[White "Gabriel, Robert"]
[Black "Sahil, Tickoo"]
[Result "0-1"]
[WhiteTitle "FM"]
[WhiteElo "2236"]
[BlackElo "2245"]
[WhiteFideId "4606477"]
[BlackFideId "5019710"]
[EventDate "2020.07.14"]
[EventType "blitz"]

1. d4 Nf6 2. Nf3 d5 3. c4 e6 4. Nc3 Be7 5. Bg5 h6 6. Bh4 Nbd7 7. e3 Ne4 8. Bxe7
Qxe7 9. Rc1 c6 10. Bd3 Nxc3 11. Rxc3 O-O 12. O-O e5 13. dxe5 dxc4 14. Bxc4 Nxe5
15. Nxe5 Qxe5 16. f4 Qe7 17. f5 Rd8 18. Qf3 Qf6 19. Rc2 Bd7 20. h3 Be8 21. a3
Rd6 22. e4 Rad8 23. Qf4 Rd4 24. Ba2 Qd6 25. Qxd6 R4xd6 26. e5 Rd2 27. Rxd2 Rxd2
28. Rf2 Rd1+ 29. Kh2 Re1 30. e6 fxe6 31. fxe6 Bg6 32. e7+ Kh7 33. Rf8 h5 34.
Bg8+ Kh6 35. h4 Rxe7 36. Bc4 Re8 37. Rxe8 Bxe8 38. g4 hxg4 39. Kg3 Bd7 40. Bf7
g5 41. h5 Bf5 42. Be8 c5 43. Bf7 b6 44. Be8 Be6 45. Bg6 a6 46. Be8 b5 47. Bg6 a5
48. Be8 b4 49. axb4 axb4 50. Kg2 c4 51. Kg3 c3 52. bxc3 bxc3 53. Bg6 Bd7 54. Kg2
Ba4 55. Kg3 c2 56. Bxc2 Bxc2 57. Kxg4 Bd1+ 58. Kg3 Kxh5 0-1

[Event "33rd Leon Blitz Open 2020"]
[Site "chess.com INT"]
[Date "2020.07.14"]
[Round "9"]
[White "Bluebaum, Matthias"]
[Black "Ponkratov, Pavel"]
[Result "1/2-1/2"]
[WhiteTitle "GM"]
[BlackTitle "GM"]
[WhiteElo "2647"]
[BlackElo "2631"]
[WhiteFideId "24651516"]
[BlackFideId "4157800"]
[EventDate "2020.07.14"]
[EventType "blitz"]

1. d4 Nf6 2. c4 e6 3. Nc3 Bb4 4. e3 b6 5. Bd2 Bb7 6. Nf3 O-O 7. Bd3 d5 8. cxd5
exd5 9. O-O c5 10. a3 Bxc3 11. Bxc3 Nbd7 12. dxc5 bxc5 13. b4 Ne4 14. Bxe4 dxe4
15. Nd2 cxb4 16. Bxb4 Re8 17. Nc4 Ba6 18. Qd4 Nb6 19. Nd6 Bxf1 20. Bc3 Qg5 21.
Rxf1 Rad8 22. Nxe8 Rxd4 23. Bxd4 f6 24. Rc1 Qa5 25. h4 Kf7 26. Nd6+ Ke6 27. Nxe4
Qxa3 28. Rc7 h5 29. Rxg7 Nd7 30. Rh7 Qc1+ 31. Kh2 Qc2 32. f3 a5 33. Rh6 a4 34.
Nxf6 Nxf6 35. Rxf6+ Ke7 36. Ra6 Qf2 37. Ra7+ Ke6 38. Ra6+ Ke7 39. Ra7+ Ke6 40.
Kh3 Qg1 41. Ra6+ Ke7 42. Rxa4 Qh1+ 43. Kg3 Qe1+ 44. Kf4 Qxh4+ 45. Kf5 Qg3 46.
Ra7+ Kd6 47. Rg7 Qf2 48. Be5+ Kc6 49. e4 h4 50. Bf4 h3 51. gxh3 Qxf3 52. Rc7+
Kb6 53. Rh7 Qg2 54. h4 Qh3+ 55. Ke5 Kc6 56. h5 Qc3+ 57. Kf5 Qh3+ 58. Kg5 Qg2+
59. Kf5 Qh3+ 60. Kg5 Qg2+ 61. Kf5 Qh3+ 1/2-1/2

[Event "33rd Leon Blitz Open 2020"]
[Site "chess.com INT"]
[Date "2020.07.14"]
[Round "9"]
[White "Tsvetkov, Andrey"]
[Black "Mehdi, Hasan Parag"]
[Result "0-1"]
[WhiteTitle "FM"]
[BlackTitle "FM"]
[WhiteElo "2358"]
[BlackElo "2180"]
[WhiteFideId "34139360"]
[BlackFideId "10201203"]
[EventDate "2020.07.14"]
[EventType "blitz"]

1. d4 Nf6 2. c4 e6 3. Nc3 Bb4 4. f3 d5 5. a3 Be7 6. e4 dxe4 7. fxe4 c5 8. d5
exd5 9. exd5 O-O 10. Be2 Bd6 11. Nb5 a6 12. Nxd6 Qxd6 13. Nf3 Bf5 14. O-O Nbd7
15. b3 Rfe8 16. Bb2 Ne4 17. Bd3 Bg6 18. Nh4 Ndf6 19. Nf5 Bxf5 20. Rxf5 b5 21.
Qc2 bxc4 22. bxc4 Ng4 23. g3 Ne3 24. Qb1 Nxf5 25. Bxe4 Nxg3 26. Bf3 Ne2+ 27. Kh1
Nd4 28. Bxd4 cxd4 29. Qf5 Re5 30. Qg4 Rae8 31. Rg1 g6 32. Qxd4 Re3 33. c5 Qe5
34. Qxe5 R8xe5 35. Bg2 Rxa3 36. d6 Rxc5 37. Rd1 Rc8 38. Bc6 Kf8 39. d7 Rd8 40.
Re1 Rxd7 41. Bxd7 a5 42. Re4 f5 43. Rd4 Ke7 44. Ba4 Ke6 45. Bb5 Ke5 46. Rd7 h5
47. Rg7 Kf6 48. Ra7 f4 49. Ra6+ Kf5 50. Be8 g5 51. Bxh5 g4 52. Be8 f3 53. Bd7+
Kf4 54. Rf6+ Ke3 55. Re6+ Kf2 56. h4 g3 0-1

[Event "33rd Leon Blitz Open 2020"]
[Site "chess.com INT"]
[Date "2020.07.14"]
[Round "9"]
[White "Bodnar, Nikolay"]
[Black "Pranav, Anand"]
[Result "1/2-1/2"]
[WhiteTitle "IM"]
[BlackTitle "FM"]
[WhiteElo "2424"]
[BlackElo "2381"]
[WhiteFideId "14106469"]
[BlackFideId "46626786"]
[EventDate "2020.07.14"]
[EventType "blitz"]

1. e4 c5 2. Nf3 Nc6 3. d4 cxd4 4. Nxd4 Nf6 5. Nc3 d6 6. Bg5 e6 7. f4 Be7 8. Qd2
a6 9. O-O-O Bd7 10. Be2 O-O 11. g4 b5 12. Bf3 Rc8 13. Nce2 h6 14. Bxf6 Bxf6 15.
Nxc6 Bxc6 16. Qxd6 Qxd6 17. Rxd6 Be7 18. Rd3 g5 19. f5 Bf6 20. Rhd1 Be5 21. h3
Bb7 22. Nd4 Rfe8 23. Kb1 Rc7 24. c3 Kg7 25. Nc2 Rce7 26. Rh1 Bc6 27. h4 Rd7 28.
Rxd7 Bxd7 29. hxg5 hxg5 30. Nb4 a5 31. Nd3 Bc7 32. Rh5 f6 33. Rh1 Bc6 34. Nc5
exf5 35. gxf5 g4 36. Rg1 g3 37. Ne6+ Rxe6 38. fxe6 Kf8 39. Kc2 Ke7 40. Kd3 Kxe6
41. Rh1 Be5 42. Rh7 Kd6 43. Ke3 Kc5 44. Rg7 b4 45. cxb4+ axb4 46. b3 Bb5 47. Be2
Bc6 48. Rg8 Bd7 49. Bc4 Bh3 50. Kf3 Kd4 51. Rh8 g2 52. Rg8 Kc3 53. Rxg2 Bxg2+
54. Kxg2 Kb2 55. Kf3 Kxa2 56. Bd5 Kb2 57. Bc4 Kc3 58. Bd5 Kd3 59. Bc4+ Kd4 60.
Bd5 f5 61. Bc6 f4 62. Bd5 Kc3 63. Bc4 Kd2 64. Bd5 Kd3 65. Bc4+ Kd4 66. Bd5 Bd6
67. Bc4 Ke5 68. Bd5 Bc5 69. Bc4 Be3 70. Bd5 Kd6 71. Bc4 1/2-1/2

[Event "33rd Leon Blitz Open 2020"]
[Site "chess.com INT"]
[Date "2020.07.14"]
[Round "9"]
[White "Christensen, Thomas2"]
[Black "Suvrajit, Saha"]
[Result "1-0"]
[WhiteTitle "CM"]
[BlackTitle "IM"]
[WhiteElo "2143"]
[BlackElo "2198"]
[WhiteFideId "1407635"]
[BlackFideId "5002532"]
[EventDate "2020.07.14"]
[EventType "blitz"]

1. d4 Nf6 2. Nc3 d5 3. e4 dxe4 4. f3 exf3 5. Nxf3 e6 6. Bd3 Be7 7. O-O O-O 8.
Qe1 c5 9. dxc5 Bxc5+ 10. Kh1 Nbd7 11. Qh4 Be7 12. Bg5 a5 13. Bxh7+ Nxh7 14. Bxe7
Qe8 15. Bxf8 Ndxf8 16. Ng5 Nxg5 17. Qxg5 Bd7 18. Ne4 Nh7 19. Qg3 Qe7 20. Rad1
Bc6 21. Qd6 Qh4 22. Ng3 Ng5 23. Qf4 Qh6 24. h4 f6 25. Kg1 e5 26. hxg5 exf4 27.
gxh6 fxg3 28. hxg7 Kxg7 29. Rd3 Re8 30. Rxg3+ Kf7 31. Ra3 a4 32. Rf2 Re1+ 33.
Kh2 Rb1 34. b3 axb3 35. axb3 Kg6 36. Ra8 Re1 37. Rg8+ Kf7 38. Rg4 Re5 39. Rgf4
Re6 40. g4 Kg6 41. c4 Kg5 42. b4 Be4 43. Kg3 Bh1 44. Rf5+ Kg6 45. b5 Be4 46.
R5f4 Bd3 47. Rd4 Be4 48. c5 Bh1 49. Rc4 Re3+ 50. Kh2 Bd5 51. Rc1 Rb3 52. c6 bxc6
53. bxc6 Rb8 54. c7 Rc8 55. Rb2 Be6 56. Kg3 Kf7 57. Rb8 Ke7 58. Rxc8 Bxc8 59.
Kf4 Kd6 60. Rc3 Be6 61. c8=Q Bxc8 62. Rxc8 1-0

[Event "33rd Leon Blitz Open 2020"]
[Site "chess.com INT"]
[Date "2020.07.14"]
[Round "9"]
[White "Erigaisi, Arjun"]
[Black "Kuzubov, Yuriy"]
[Result "1/2-1/2"]
[WhiteTitle "GM"]
[BlackTitle "GM"]
[WhiteElo "2559"]
[BlackElo "2643"]
[WhiteFideId "35009192"]
[BlackFideId "14112906"]
[EventDate "2020.07.14"]
[EventType "blitz"]

1. d4 Nf6 2. c4 e6 3. Nf3 d5 4. g3 Bb4+ 5. Bd2 Be7 6. Bg2 c6 7. Qc2 Nbd7 8. O-O
O-O 9. Bf4 b6 10. Rd1 Bb7 11. Nc3 dxc4 12. Nd2 Nd5 13. Nxc4 Nxf4 14. gxf4 Qc7
15. e3 Rad8 16. Rac1 c5 17. d5 exd5 18. Nxd5 Bxd5 19. Bxd5 b5 20. Nd2 c4 21. Bg2
Nc5 22. Ne4 Nxe4 23. Bxe4 g6 24. Kg2 Bf6 25. a4 Rxd1 26. Rxd1 b4 27. Bd5 Rc8 28.
Rc1 c3 29. bxc3 bxc3 30. Rb1 Rb8 31. Rxb8+ Qxb8 32. Kf3 Kg7 33. Ke2 Qc7 34. Bb3
Qb7 35. Ba2 Qa6+ 36. Ke1 Qc6 37. Ke2 a5 38. Bb3 h5 39. Qd3 h4 40. Qc4 Qxc4+ 41.
Bxc4 h3 42. Bd3 Bh4 43. Kf3 f5 44. e4 fxe4+ 45. Bxe4 Kf6 46. Kg4 Bxf2 47. Kxh3
Be3 48. Kg4 g5 49. fxg5+ Bxg5 50. h4 Bh6 51. Bc2 Ke5 52. Kf3 Kd4 53. Ke2 Kc4 54.
Kd1 Kb4 55. Ke2 Ka3 56. Kd3 Kb2 57. h5 Bg7 58. Bd1 Bh6 59. Bc2 Bg7 60. Bd1 Kc1
61. Bc2 Bh8 62. h6 Bf6 63. h7 Bh8 64. Bb3 Kb2 65. Bc2 Bg7 66. Bd1 Bh8 67. Bc2
Bg7 68. Bd1 Bh8 69. Bc2 1/2-1/2

[Event "33rd Leon Blitz Open 2020"]
[Site "chess.com INT"]
[Date "2020.07.14"]
[Round "9"]
[White "Demchenko, Anton"]
[Black "Leenhouts, Koen"]
[Result "1-0"]
[WhiteTitle "GM"]
[BlackTitle "IM"]
[WhiteElo "2641"]
[BlackElo "2414"]
[WhiteFideId "4160258"]
[BlackFideId "1008439"]
[EventDate "2020.07.14"]
[EventType "blitz"]

1. d4 Nf6 2. Nf3 g6 3. Bf4 Bg7 4. c3 O-O 5. Nbd2 d6 6. e4 c5 7. dxc5 dxc5 8. h3
Nc6 9. Qc2 b6 10. Rd1 Bb7 11. Be2 Qe8 12. O-O Rd8 13. Bh2 Nd7 14. Nc4 b5 15. Ne3
a6 16. Nd5 Rc8 17. a4 b4 18. Nd2 Nce5 19. f4 Nc6 20. Nc4 Nf6 21. Ncb6 Nxd5 22.
exd5 Nb8 23. Nxc8 Qxc8 24. f5 Nd7 25. fxg6 hxg6 26. Bg4 f5 27. Bf3 bxc3 28. bxc3
c4 29. Rfe1 Nf6 30. Kh1 Qc5 31. Bg1 Qd6 32. Bh2 Qc5 33. Qe2 Re8 34. Qe6+ Kh7 35.
Bg1 Qa5 36. Bd4 Bc8 37. Qc6 Bd7 38. Qxc4 Qxa4 39. Qxa4 Bxa4 40. Ra1 Bb5 41. Kg1
Kg8 42. Ra5 Kf7 43. g4 fxg4 44. hxg4 Rd8 45. Rd1 g5 46. Kf2 Rd6 47. Bc5 Rd7 48.
Ra2 Ne8 49. Bd4 Nf6 50. Rad2 Bc4 51. Be3 a5 52. Bxg5 a4 53. Be3 a3 54. g5 Ne8
55. Bd4 a2 56. Bh5+ Kf8 57. Ke3 Nd6 58. Rf2+ Kg8 59. Bg4 Rd8 60. Be6+ Kh7 61.
g6+ Kxg6 62. Rg2+ Kh5 63. Rh1# 1-0

[Event "33rd Leon Blitz Open 2020"]
[Site "chess.com INT"]
[Date "2020.07.14"]
[Round "9"]
[White "Jobava, Baadur"]
[Black "Svane, Rasmus"]
[Result "1/2-1/2"]
[WhiteTitle "GM"]
[BlackTitle "GM"]
[WhiteElo "2603"]
[BlackElo "2613"]
[WhiteFideId "13601520"]
[BlackFideId "4657101"]
[EventDate "2020.07.14"]
[EventType "blitz"]

1. d4 d5 2. c4 e6 3. Nc3 a6 4. cxd5 exd5 5. Bf4 Nf6 6. e3 Bd6 7. g3 O-O 8. Bd3
c5 9. Nge2 Bg4 10. Qd2 Nc6 11. O-O cxd4 12. exd4 Re8 13. Rfe1 Bf3 14. Bf5 Ne4
15. Nxe4 Bxe4 16. Bh3 Bb4 17. Nc3 Qb6 18. Rad1 h6 19. a3 Bxc3 20. Qxc3 Bg6 21.
Be3 Bh5 22. Rc1 Bf3 23. b4 Be4 24. Qc5 Qd8 25. a4 Qf6 26. Bg4 Rad8 27. b5 axb5
28. axb5 Na5 29. Qb4 Nc4 30. Qc3 Bf3 31. Bg5 Qxg5 32. Bxf3 Nd6 33. Qc5 Ne4 34.
Bxe4 Rxe4 35. b6 Qf6 36. Qc7 Rde8 37. Rxe4 Rxe4 38. Qxb7 Re2 39. Qb8+ Kh7 40.
Qf4 Qxf4 41. gxf4 Rb2 42. Rc6 f6 43. Rd6 Kg6 44. Rxd5 Rxb6 45. Kg2 Rb3 46. h4 h5
47. f5+ Kf7 48. Rd7+ Kf8 49. d5 Rb4 50. d6 Rxh4 51. Re7 Rd4 52. Re6 Rd3 53. f3
h4 54. Kh3 Rxf3+ 55. Kxh4 Rd3 56. Kg4 Kf7 57. Kf4 Rd4+ 58. Ke3 Rd1 59. Ke4 Rd2
60. Re7+ Kf8 61. Rd7 Ke8 62. Re7+ Kf8 63. Re6 Kf7 64. Ke3 Rd1 65. Ke4 Rd2 1/2-1/2

[Event "33rd Leon Blitz Open 2020"]
[Site "chess.com INT"]
[Date "2020.07.14"]
[Round "9"]
[White "Vyatkin, Dmitry"]
[Black "Priyanka, K"]
[Result "1-0"]
[WhiteTitle "FM"]
[BlackTitle "WIM"]
[WhiteElo "2362"]
[BlackElo "2218"]
[WhiteFideId "4171900"]
[BlackFideId "5082986"]
[EventDate "2020.07.14"]
[EventType "blitz"]

1. d4 Nf6 2. c4 g6 3. g3 Bg7 4. Nc3 O-O 5. Bg2 d6 6. Nf3 Nc6 7. O-O Bg4 8. d5
Na5 9. Nd2 c5 10. Qc2 a6 11. Rb1 Rb8 12. b3 b5 13. Re1 e5 14. Bb2 Qd7 15. Ba1
Bh3 16. Bh1 Ng4 17. e4 f5 18. f3 Nf6 19. Nd1 fxe4 20. fxe4 Ng4 21. Bc3 b4 22.
Bb2 Bh6 23. Nf3 Rf7 24. Bc1 Bxc1 25. Rxc1 Rbf8 26. Qe2 Nb7 27. Ne3 Nxe3 28. Qxe3
Qg4 29. Nd2 Nd8 30. Bg2 Rf6 31. Rf1 Bxg2 32. Kxg2 Rxf1 33. Rxf1 Rxf1 34. Nxf1
Nf7 35. Qf3 Qxf3+ 36. Kxf3 Ng5+ 37. Ke3 h5 38. h4 Nh7 39. Nh2 Nf6 40. Nf3 Nh7
41. Kd3 Kf7 42. Ke3 Kf6 43. Ke2 g5 44. Ke3 g4 45. Nd2 Nf8 46. Kd3 Ng6 47. Nf1
Ke7 48. Ne3 Kd7 49. Nf5 Nf4+ 50. gxf4 exf4 51. Ke2 f3+ 52. Kf2 Kc7 53. Ng7 Kd7
54. Nxh5 Ke7 55. Nf4 Kf6 56. Nd3 Kg6 57. Kg3 Kf6 58. Kxg4 1-0